00253nam a2200109Ia 4500100003000000654001100030245003400041260004000075082000800115300000800123546001200131 aStreet/Arthur/ Alexander  aMetals aMetals In the Service Of Man bEnglish language book societyc1964 a671 a313 aENGLISH